Loading...
Literature - Euro Lit | 2 | 5 | 0 | 0 | 80 | 49 | 92.71 | 2 | 6 |
Beliefs - Religion | 1 | 3 | 0 | 0 | 45 | 57 | 79.50 | 3 | 4 |
Literature - World Lit | 1 | 3 | 1 | 0 | 40 | 70 | 89.50 | 3 | 4 |
Arts - Music | 2 | 1 | 1 | 0 | 35 | 51 | 74.33 | 2 | 3 |
Beliefs - Mythology | 0 | 3 | 0 | 0 | 30 | 100 | 105.00 | 2 | 3 |
Literature - British Lit | 0 | 2 | 0 | 0 | 20 | 116 | 124.50 | 0 | 2 |
Thought - Philosophy | 1 | 0 | 0 | 0 | 15 | 76 | 76.00 | 0 | 1 |
History - World History | 0 | 1 | 0 | 0 | 10 | 106 | 106.00 | 1 | 1 |
History - Other History | 0 | 1 | 0 | 0 | 10 | 105 | 105.00 | 0 | 0 |
History - American History | 0 | 1 | 0 | 1 | 10 | 119 | 119.00 | 0 | 1 |
Other - Other Academic | 0 | 1 | 0 | 0 | 10 | 87 | 87.00 | 1 | 1 |
Arts - Other Arts | 0 | 1 | 0 | 0 | 10 | 92 | 92.00 | 0 | 1 |
Arts - Painting | 0 | 2 | 3 | 0 | 5 | 109 | 118.00 | 0 | 2 |
Literature - American Lit | 0 | 0 | 1 | 0 | -5 | 0.00 | 0 | 0 | |
Other - Geo/CE | 0 | 0 | 1 | 0 | -5 | 0.00 | 0 | 0 | |
Other - Pop Culture | 0 | 0 | 1 | 0 | -5 | 0.00 | 0 | 0 |